header

MCSA/MCSE exam 70-291 study guide and DVD training system (Record no. 75171)

MARC details
000 -LEADER
fixed length control field 01327nam a2200301Ia 4500
100 1# - MAIN ENTRY--AUTHOR NAME
Personal name Shinder, Thomas W.
245 10 - TITLE STATEMENT
Title MCSA/MCSE exam 70-291 study guide and DVD training system
260 ## - PUBLICATION, DISTRIBUTION, ETC. (IMPRINT)
Place of publication [Rockland, Mass.] :
Name of publisher Syngress,
Year of publication 2003.
300 ## - PHYSICAL DESCRIPTION
Number of Pages 1073 p.
650 #0 - SUBJECT ADDED ENTRY--TOPICAL TERM
Topical Term Electronic data processing personnel
Topical Term Microsoft software
700 1# - ADDED ENTRY--PERSONAL NAME
Personal name Shinder, Debra Littlejohn.
Personal name Snedaker, Susan.
856 40 - ELECTRONIC LOCATION AND ACCESS
Uniform Resource Identifier http://site.ebrary.com/lib/rucke/Doc?id=10044832

No items available.

© 2026 Rongo University
Contact us: librarian | system librarian | Rongo university